College algebra : (Record no. 14759)

000 -LEADER
fixed length control field 00521cam a2200193 a 4500
020 ## - INTERNATIONAL STANDARD BOOK NUMBER
ISBN 0669396176
040 ## - CATALOGING SOURCE
Transcribing agency DLC
082 00 - DEWEY DECIMAL CLASSIFICATION NUMBER
Classification number 512 D.C.H 1996 A059 Or.
100 1# - MAIN ENTRY--AUTHOR NAME
Personal name Larson, Ron,
245 10 - TITLE STATEMENT
Title College algebra :
Remainder of title concepts and models /
250 ## - EDITION STATEMENT
Edition statement 2nd ed.
260 ## - PUBLICATION, DISTRIBUTION, ETC. (IMPRINT)
Place of publication Lexington, Mass. :
Name of publisher D.C. Heath,
Year of publication c1996.
300 ## - PHYSICAL DESCRIPTION
Number of Pages xxix, 634, 144 p. :
Other physical details ill. (some col.) ;
Dimensions 24 cm.
500 ## - GENERAL NOTE
General note Includes indexes.
650 #0 - SUBJECT ADDED ENTRY--TOPICAL TERM
Topical Term Algebra.
700 1# - ADDED ENTRY--PERSONAL NAME
Personal name Hostetler, Robert P.
700 1# - ADDED ENTRY--PERSONAL NAME
Personal name Hodgkins, Anne V.
942 ## - ADDED ENTRY ELEMENTS (KOHA)
Koha item type សៀវភៅភាសាអង់គ្លេស
952 ## - LOCATION AND ITEM INFORMATION (KOHA)
Withdrawn status [LOCAL, KOHA] 0
Holdings
Permanent Location Date acquired Koha item type Lost status Shelving location Barcode Current Location Full call number
Library Block A2017-10-25សៀវភៅភាសាអង់គ្លេស A062A07770Library Block A512 D.C.H 1996 A062 Or.
មជ្ឈមណ្ឌលឯការនៃសាកលវិទ្យាល័យភូមិន្ទកសិកម្មចំការដូង

Powered by Koha